000 00273nam a2200109Ia 4500
008 231219s9999 xx 000 0 und d
041 _aeng
100 _aKhrapkov.
245 _aProblems in Quantitative Analysis.
260 _bMIR Publishar Moscow.
650 _aManagement
999 _c974471
_d974471